<?xml version="1.0" encoding="UTF-8"?><?xml-stylesheet type="text/xsl" href="static/style.xsl"?><OAI-PMH xmlns="http://www.openarchives.org/OAI/2.0/" xmlns:xsi="http://www.w3.org/2001/XMLSchema-instance" xsi:schemaLocation="http://www.openarchives.org/OAI/2.0/ http://www.openarchives.org/OAI/2.0/OAI-PMH.xsd"><responseDate>2026-04-18T07:28:03Z</responseDate><request verb="GetRecord" identifier="oai:www.recercat.cat:10230/53654" metadataPrefix="marc">https://recercat.cat/oai/request</request><GetRecord><record><header><identifier>oai:recercat.cat:10230/53654</identifier><datestamp>2025-12-20T16:46:08Z</datestamp><setSpec>com_2072_6</setSpec><setSpec>col_2072_452952</setSpec></header><metadata><record xmlns="http://www.loc.gov/MARC21/slim" xmlns:dcterms="http://purl.org/dc/terms/" xmlns:xsi="http://www.w3.org/2001/XMLSchema-instance" xmlns:doc="http://www.lyncode.com/xoai" xsi:schemaLocation="http://www.loc.gov/MARC21/slim http://www.loc.gov/standards/marcxml/schema/MARC21slim.xsd">
   <leader>00925njm 22002777a 4500</leader>
   <datafield ind2=" " ind1=" " tag="042">
      <subfield code="a">dc</subfield>
   </datafield>
   <datafield ind2=" " ind1=" " tag="720">
      <subfield code="a">Salari, Mehri</subfield>
      <subfield code="e">author</subfield>
   </datafield>
   <datafield ind2=" " ind1=" " tag="720">
      <subfield code="a">Etemadifar, Masoud</subfield>
      <subfield code="e">author</subfield>
   </datafield>
   <datafield ind2=" " ind1=" " tag="720">
      <subfield code="a">Zali, Alireza</subfield>
      <subfield code="e">author</subfield>
   </datafield>
   <datafield ind2=" " ind1=" " tag="720">
      <subfield code="a">Aminzade, Zahra</subfield>
      <subfield code="e">author</subfield>
   </datafield>
   <datafield ind2=" " ind1=" " tag="720">
      <subfield code="a">Navalpotro-Gómez, Irene</subfield>
      <subfield code="e">author</subfield>
   </datafield>
   <datafield ind2=" " ind1=" " tag="720">
      <subfield code="a">Fateh, Sepand Tehrani</subfield>
      <subfield code="e">author</subfield>
   </datafield>
   <datafield ind2=" " ind1=" " tag="260">
      <subfield code="c">2022-07-01T06:46:17Z</subfield>
   </datafield>
   <datafield ind2=" " ind1=" " tag="260">
      <subfield code="c">2022-07-01T06:46:17Z</subfield>
   </datafield>
   <datafield ind2=" " ind1=" " tag="260">
      <subfield code="c">2021</subfield>
   </datafield>
   <datafield ind2=" " ind1=" " tag="520">
      <subfield code="a">Data de publicació electrónica: 02-08-2021</subfield>
   </datafield>
   <datafield ind2=" " ind1=" " tag="520">
      <subfield code="a">Purpose: Covid-19 has affected all people, especially those with chronic diseases, including Parkinson&amp;apos;s Disease (PD). Covid-19 may affect both motor and neuropsychiatric symptoms of PD patients. We intend to evaluate different aspects of Covid-19 impact on PD patients. Methods: 647 PD patients were evaluated in terms of PD-related and Covid-19-related clinical presentations in addition to past medical history during the pandemic through an online questioner. They were compared with an age-matched control group consist of 673 individuals and a sample of the normal population consist of 1215 individuals. Results: The prevalence of Covid-19 in PD patients was 11.28%. The mortality was 1.23% among PD patients. The prevalence of Covid-19 in PD patients who undergone Deep Brain Stimulation (DBS) was 18.18%. No significant association was found between the duration of disease and the prevalence of Covid-19. A statistically significant higher prevalence of Covid-19 in PD patients who had direct contact with SARS-CoV-19 infected individuals was found. No statistically significant association has been found between the worsening of motor symptoms and Covid-19. PD patients and the normal population may differ in the prevalence of some psychological disorders, including anxiety and sleeping disorders, and Covid-19 may affect the psychological status. Conclusion: PD patients possibly follow tighter preventive protocols, which lead to lower prevalence and severity of Covid-19 and its consequences in these patients. Although it seems Covid-19 does not affect motor and psychological aspects of PD as much as it was expected, more accurate evaluations are suggested in order to clarify such effects.</subfield>
   </datafield>
   <datafield tag="653" ind2=" " ind1=" ">
      <subfield code="a">Parkinson&amp;apos;s Disease</subfield>
   </datafield>
   <datafield tag="653" ind2=" " ind1=" ">
      <subfield code="a">Deep brain stimulation</subfield>
   </datafield>
   <datafield tag="653" ind2=" " ind1=" ">
      <subfield code="a">Covid-19</subfield>
   </datafield>
   <datafield tag="653" ind2=" " ind1=" ">
      <subfield code="a">SARS-CoV-19</subfield>
   </datafield>
   <datafield tag="653" ind2=" " ind1=" ">
      <subfield code="a">Pandemic</subfield>
   </datafield>
   <datafield ind2="0" ind1="0" tag="245">
      <subfield code="a">Covid-19 in Parkinson’s Disease treated by drugs or brain stimulation</subfield>
   </datafield>
</record></metadata></record></GetRecord></OAI-PMH>